[Event "AUTO-ELITE-2617"]
[Site "http://www.queenalice.com/game.php?id=1871220"]
[Date "2026.3.29"]
[Round "1"]
[White "raulzampronha"]
[Black "bishop55"]
[Result "0-1"]
[WhiteElo "2232"]
[BlackElo "2567"]

1. e4 c5 2. Nf3 d6 3. d4 cxd4 4. Nxd4 Nf6 5. Nc3 a6 6. Be3 e5 7. Nb3 Be6 8. Qd2
Nbd7 9. f3 h5 10. O-O-O Rc8 11. Kb1 Be7 12. Bd3 b5 0-1

[Event "AUTO-ELITE-2617"]
[Site "http://www.queenalice.com/game.php?id=1871221"]
[Date "2026.3.29"]
[Round "1"]
[White "bishop55"]
[Black "raulzampronha"]
[Result "1-0"]
[WhiteElo "2568"]
[BlackElo "2230"]

1. e4 c5 2. Nf3 e6 3. d4 cxd4 4. Nxd4 Nf6 5. Nc3 d6 6. g4 h6 7. Rg1 Be7 8. Be3
Nc6 9. Qe2 Bd7 10. h4 h5 11. gxh5 Nxh5 12. O-O-O 1-0

[Event "AUTO-ELITE-2618"]
[Site "http://www.queenalice.com/game.php?id=1871555"]
[Date "2026.4.6"]
[Round "1"]
[White "trompmaster"]
[Black "raulzampronha"]
[Result "1-0"]
[WhiteElo "2454"]
[BlackElo "2267"]

1. Nf3 Nf6 2. c4 c5 3. Nc3 d5 4. cxd5 Nxd5 5. e4 Nb4 6. Bb5+ Bd7 7. Bc4 Be6 8.
Bb5+ Bd7 9. Bc4 Be6 10. Be2 Nd3+ 11. Bxd3 Qxd3 12. Ne5 Qa6 13. d4 cxd4 14. Qxd4
f6 15. Qc5 fxe5 16. Nb5 Kf7 17. Nc7 Qd3 18. Qe3 Qd7 19. Nxa8 Nc6 20. O-O Qc8 21.
b3 Qxa8 22. Bb2 Ke8 23. f4 Qb8 24. Rac1 Bd7 25. Bxe5 Nxe5 26. fxe5 g6 27. Rcd1
Bg7 28. Rxd7 Kxd7 29. Qd3+ Kc6 30. Qc4+ Kb6 31. Qe6+ Ka5 32. b4+ Ka4 33. Qb3+
Kb5 34. Qd5+ 1-0

[Event "AUTO-ELITE-2618"]
[Site "http://www.queenalice.com/game.php?id=1871556"]
[Date "2026.4.6"]
[Round "1"]
[White "raulzampronha"]
[Black "trompmaster"]
[Result "0-1"]
[WhiteElo "2248"]
[BlackElo "2506"]

1. e4 d5 2. exd5 Nf6 3. c4 e6 4. dxe6 Bxe6 5. Nf3 c5 6. Be2 Nc6 7. O-O Bd6 8.
Nc3 O-O 9. d3 Re8 10. Bg5 h6 11. Bh4 g5 12. Bg3 Bf5 13. a3 Bxg3 14. hxg3 Qd7 15.
Qd2 Re6 16. Rfe1 Rd8 17. Rad1 Nd4 18. Nxd4 cxd4 19. Nb1 Rde8 20. Bf1 Ng4 21.
Rxe6 Qxe6 22. f3 Ne3 23. Rc1 h5 24. b4 Qg6 25. Be2 g4 0-1

[Event "AUTO-MASTER-3271"]
[Site "http://www.queenalice.com/game.php?id=1871889"]
[Date "2026.4.13"]
[Round "2"]
[White "raulzampronha"]
[Black "CCapivara"]
[Result "1-0"]
[WhiteElo "2246"]
[BlackElo "2254"]

1. e4 d6 2. d4 Nf6 3. Nc3 c6 4. f4 Qa5 5. Bd3 e5 6. Nf3 Bg4 7. Be3 Nbd7 8. O-O
Be7 9. h3 Bxf3 10. Qxf3 O-O 11. dxe5 dxe5 12. Kh1 Qb4 13. Rab1 Bc5 14. a3 Qb6
15. Na4 Qa5 16. Nxc5 Nxc5 17. b4 Qxa3 18. Bxc5 b6 19. Bxf8 Rxf8 20. fxe5 Nd7 21.
Qg3 1-0

[Event "AUTO-MASTER-3271"]
[Site "http://www.queenalice.com/game.php?id=1871894"]
[Date "2026.4.13"]
[Round "2"]
[White "LAIRE"]
[Black "raulzampronha"]
[Result "0-1"]
[WhiteElo "2150"]
[BlackElo "2242"]

1. d4 Nf6 2. c4 e6 3. Nc3 Bb4 4. e3 O-O 5. Bd3 d5 6. cxd5 exd5 7. Bd2 Re8 8. Nf3
c6 9. h3 Nbd7 10. O-O Bd6 0-1

[Event "AUTO-MASTER-3271"]
[Site "http://www.queenalice.com/game.php?id=1871895"]
[Date "2026.4.13"]
[Round "2"]
[White "raulzampronha"]
[Black "LAIRE"]
[Result "1-0"]
[WhiteElo "2232"]
[BlackElo "2160"]

1. e4 e6 2. d4 d5 3. Nc3 Nf6 4. e5 Nfd7 5. f4 c5 6. Nf3 Nc6 7. Be3 a6 8. Qd2 b5
9. a3 Qa5 10. dxc5 b4 11. Na2 bxa3 12. Qxa5 Nxa5 13. b4 Nc6 14. c3 1-0

[Event "AUTO-ELITE-2619"]
[Site "http://www.queenalice.com/game.php?id=1872170"]
[Date "2026.4.18"]
[Round "1"]
[White "Donidon"]
[Black "raulzampronha"]
[Result "1-0"]
[WhiteElo "2243"]
[BlackElo "2244"]

1. e4 c5 2. Nf3 e6 3. d4 cxd4 4. Nxd4 Nc6 5. c4 Nf6 6. Nc3 Bb4 7. Nxc6 bxc6 8.
Qc2 O-O 9. Bd3 e5 10. O-O Qe7 11. Bg5 h6 12. Bh4 g5 13. Bg3 d6 14. Na4 Ba5 15.
c5 d5 16. b4 Bc7 17. f3 d4 18. Nb2 Kg7 19. Qa4 Bd7 20. Nc4 Nh5 21. Rab1 Nf4 22.
Bxf4 gxf4 23. Qa6 Rg8 24. a4 Kh8 25. Qb7 Rac8 26. Rb2 Bb8 27. Na5 Rg6 28. b5
cxb5 29. c6 1-0

[Event "AUTO-ELITE-2619"]
[Site "http://www.queenalice.com/game.php?id=1872179"]
[Date "2026.4.18"]
[Round "1"]
[White "Cerberus"]
[Black "raulzampronha"]
[Result "1-0"]
[WhiteElo "2707"]
[BlackElo "2246"]

1. e4 c5 2. Nf3 e6 3. d4 cxd4 4. Nxd4 Nf6 5. Nc3 d6 6. g4 h6 7. Bg2 Nc6 8. h3 d5
9. exd5 exd5 10. Qe2+ Be7 11. Be3 O-O 12. a3 Re8 13. O-O-O Ne5 14. Rhe1 Nc4 15.
Nxd5 1-0

[Event "AUTO-ELITE-2621"]
[Site "http://www.queenalice.com/game.php?id=1873289"]
[Date "2026.5.12"]
[Round "1"]
[White "raulzampronha"]
[Black "Sexxy_Bunny"]
[Result "0-1"]
[WhiteElo "2257"]
[BlackElo "2657"]

1. e4 c5 2. Nf3 d6 3. d4 cxd4 4. Nxd4 Nf6 5. Nc3 a6 6. Bg5 e6 7. f4 Qb6 8. Qd2
Qxb2 9. Rb1 Qa3 10. f5 Nc6 11. fxe6 fxe6 12. Nxc6 bxc6 13. e5 dxe5 14. Bxf6 gxf6
15. Ne4 Be7 16. Be2 h5 17. Rb3 Qa4 18. c4 f5 19. Nd6+ Bxd6 20. Qxd6 Qa5+ 21. Kf2
Ra7 22. Rd1 Kf7 23. Ra3 Qb6+ 24. c5 Qc7 25. Rb3 Qxd6 26. Rxd6 Bd7 27. Rb6 Kf6
0-1

[Event "AUTO-ELITE-2624"]
[Site "http://www.queenalice.com/game.php?id=1874114"]
[Date "2026.5.29"]
[Round "1"]
[White "trompmaster"]
[Black "raulzampronha"]
[Result "1-0"]
[WhiteElo "2434"]
[BlackElo "2227"]

1. Nf3 Nf6 2. c4 e6 3. g3 d5 4. Bg2 c6 5. d4 Nbd7 6. O-O Be7 7. Nc3 O-O 8. Qd3
b6 9. e4 Ba6 10. b3 Rc8 11. e5 Ne8 12. a4 c5 13. Nb5 cxd4 14. cxd5 Nc5 15. Qb1
exd5 16. Nfxd4 Bxb5 17. axb5 Rc7 18. Nc6 Qd7 19. b4 Ne6 20. Qd3 Nd8 21. Bxd5
Nxc6 22. bxc6 Qh3 23. Qe4 1-0